书目信息 |
| 题名: |
自然语言处理的认知方法
|
|
| 作者: | 夏普 , 赛德斯 , 卢巴泽斯基 编著 ;徐金安 译 | |
| 分册: | ||
| 出版信息: | 北京 机械工业出版社 2019.08 |
|
| 页数: | 208页 | |
| 开本: | 26cm | |
| 丛书名: | 智能科学与技术丛书 | |
| 单 册: | ||
| 中图分类: | TP391 | |
| 科图分类: | ||
| 主题词: | 自然语言处理--zi ran yu yan chu li--研究 | |
| 电子资源: | ||
| ISBN: | 978-7-111-63199-6 | |
| 000 | 01849nam 2200325 450 | |
| 001 | 2063859749 | |
| 005 | 20201104174441.49 | |
| 010 | @a978-7-111-63199-6@dCNY99.00 | |
| 100 | @a20190903d2019 em y0chiy50 ea | |
| 101 | 1 | @achi@ceng@cfre@cpol |
| 102 | @aCN@b110000 | |
| 105 | @aak a 000yy | |
| 200 | 1 | @a自然语言处理的认知方法@Azi ran yu yan chu li de ren zhi fang fa@f(英) 伯纳黛特·夏普, (法) 弗洛伦斯·赛德斯, (波兰) 维斯拉夫·卢巴泽斯基等编著@d= Cognitive approach to natural language processing@fBernadette Sharp, Florene Sedes, Wiestaw Lubaszewski@g徐金安等译@zeng |
| 210 | @a北京@c机械工业出版社@d2019.08 | |
| 215 | @a208页@c图@d26cm | |
| 225 | 2 | @a智能科学与技术丛书@Azhi neng ke xue yu ji shu cong shu |
| 306 | @a由ELSEVIER LTD授权出版 | |
| 314 | @a伯纳黛特·夏普, 英国斯塔福德郡大学应用人工智能系教授。弗洛伦斯·赛德斯, 法国图卢兹第三大学计算机科学系教授。维斯拉夫·卢巴泽斯基, 波兰雅盖沃大学计算机语言学系教授。徐金安, 北京交通大学计算机学院教授, 博士生导师。 | |
| 320 | @a有书目 | |
| 330 | @a本书致力于探索自然语言处理和认知科学之间的关系, 以及计算机科学对这两个领域的贡献。书中每章都由不同领域的专家撰写, 从延迟解释、单词关联、人类语言生成的关联控制、反向关联任务、隐藏结果及词典功能、词义消歧、连贯文本写作、虚词的序贯规则和词性标签、基频检测和语言模型等方面, 阐述了新的研究成果, 不仅包含大量算法和实验, 而且分享了前沿学者的宝贵经验。 | |
| 410 | 0 | @12001 @a智能科学与技术丛书 |
| 500 | 10 | @aCognitive approach to natural language processing@mChinese |
| 606 | 0 | @a自然语言处理@Azi ran yu yan chu li@x研究 |
| 690 | @aTP391@v5 | |
| 701 | 1 | @a夏普@Axia pu@g(Sharp, Bernadette)@4编著 |
| 701 | 1 | @a赛德斯@Asai de si@g(Sedes, Florene)@4编著 |
| 701 | 1 | @a卢巴泽斯基@Alu ba ze si ji@g(Lubaszewski, Wiestaw)@4编著 |
| 702 | 0 | @a徐金安@Axu jin an@4译 |
| 801 | 0 | @aCN@b人天书店@c20200929 |
| 905 | @aZUCC@dTP391@eX200 | |
| 自然语言处理的认知方法/(英) 伯纳黛特·夏普, (法) 弗洛伦斯·赛德斯, (波兰) 维斯拉夫·卢巴泽斯基等编著= Cognitive approach to natural language processing/Bernadette Sharp, Florene Sedes, Wiestaw Lubaszewski/徐金安等译.-北京:机械工业出版社,2019.08 |
| 208页:图;26cm.-(智能科学与技术丛书) |
| ISBN 978-7-111-63199-6:CNY99.00 |
| 本书致力于探索自然语言处理和认知科学之间的关系, 以及计算机科学对这两个领域的贡献。书中每章都由不同领域的专家撰写, 从延迟解释、单词关联、人类语言生成的关联控制、反向关联任务、隐藏结果及词典功能、词义消歧、连贯文本写作、虚词的序贯规则和词性标签、基频检测和语言模型等方面, 阐述了新的研究成果, 不仅包含大量算法和实验, 而且分享了前沿学者的宝贵经验。 |
| ● |
| 相关链接 |
|
|
|
正题名:自然语言处理的认知方法
索取号:TP391/X200
 
预约/预借
| 序号 | 登录号 | 条形码 | 馆藏地/架位号 | 状态 | 备注 |
| 1 | 1477782 | 214777829 | 自科库301/301自科库 64排2列3层/ [索取号:TP391/X200] | 在馆 | |
| 2 | 1477783 | 214777838 | 自科库301/301自科库 64排2列3层/ [索取号:TP391/X200] | 在馆 |